000 00665nam a2200193Ia 4500
003 IN-BaIIA
008 211028s9999 xx 000 0 eng d
040 _cIIA Library
080 _a92:53
_bINSA-4
110 _aIndian National Science Academy
_910909
245 0 _aBiographical memoirs of fellows of the Indian national science academy
_bvol. 4
_cIndian National Science Academy
260 _aNew Delhi
_bIndian National Science Academy
_c1976
300 _a185p
500 _aDonated by Mrs. Bappu
650 _aBiography - INSA Fellows
_912698
650 _aINSA Fellows Biography
_912699
650 _aNASA thesaurus
942 _cBK
999 _c7428
_d7428